[Event "Ruhrgebiet Verbandsliga Gruppe 2 1617"]
[Site "Germany"]
[Date "2016.09.04"]
[Round "1.2"]
[White "Fistoul, Michail"]
[Black "Marx, Patrick"]
[Result "1/2-1/2"]
[WhiteElo "1956"]
[BlackElo "1908"]
[PlyCount "111"]
[EventDate "2016.09.04"]
[EventType "team-tourn"]
[EventRounds "9"]
[EventCountry "GER"]
[SourceTitle "EXT 2022"]
[Source "ChessBase"]
[SourceDate "2021.10.06"]
[SourceVersion "1"]
[SourceVersionDate "2021.10.06"]
[SourceQuality "1"]
[WhiteTeam "Bochum SG III"]
[BlackTeam "Welper SV II"]
[WhiteTeamCountry "GER"]
[BlackTeamCountry "GER"]

1. d4 d5 2. c4 c6 3. Nf3 Nf6 4. Nc3 e6 5. e3 Nbd7 6. Qc2 Be7 7. b3 0-0 8. Bd3 b6 9. 0-0 Bb7 10. Ne5 c5 11. cxd5 exd5 12. Bb2 Rc8 13. Nxd7 Nxd7 14. Bxh7+ Kh8 15. dxc5 Nxc5 16. Rad1 Bf6 17. Bf5 Ne6 18. Qe2 g6 19. Ne4 Bg7 20. Bxg7+ Kxg7 21. Qg4 Qe7 22. Bxe6 fxe6 23. Ng5 Rf5 24. Nf3 e5 25. Rc1 Rd8 26. Rfe1 d4 27. e4 Rh5 28. g3 Qd6 29. Nd2 b5 30. Qe2 Qb6 31. b4 a6 32. Rc5 Qe6 33. Rc7+ Rd7 34. Rxd7+ Qxd7 35. Nf3 Qd6 36. a3 Rh8 37. Rc1 Rd8 38. Qd3 Rc8 39. Rxc8 Bxc8 40. Nd2 Qc7 41. Kg2 Be6 42. Nf3 Bg4 43. Ne1 Qc1 44. Nc2 Be6 45. Nxd4 exd4 46. Qxd4+ Kg8 47. Qf6 Bf7 48. Qxa6 Qc4 49. Qa8+ Kg7 50. Qb7 Qd3 51. Qe7 Kg8 52. Qe5 Bc4 53. Qe8+ Kg7 54. Qe7+ Kg8 55. Qe8+ Kg7 56. Qe7+ 1/2-1/2

[Event "Ruhrgebiet Verbandsliga Gruppe 1 1516"]
[Site "Germany"]
[Date "2015.12.20"]
[Round "5.7"]
[White "Fistoul, Michail"]
[Black "Brockmann, Fabian"]
[Result "1-0"]
[WhiteElo "1992"]
[BlackElo "1958"]
[PlyCount "63"]
[EventDate "2015.09.06"]
[EventType "team-tourn"]
[EventRounds "9"]
[EventCountry "GER"]
[SourceTitle "EXT 2022"]
[Source "ChessBase"]
[SourceDate "2021.10.06"]
[SourceVersion "1"]
[SourceVersionDate "2021.10.06"]
[SourceQuality "1"]
[WhiteTeam "Bochum SG III"]
[BlackTeam "Dortmund Hansa III"]
[WhiteTeamCountry "GER"]
[BlackTeamCountry "GER"]

1. d4 c5 2. d5 Nf6 3. c4 b5 4. cxb5 a6 5. bxa6 g6 6. Nc3 Bxa6 7. g3 d6 8. Bg2 Bg7 9. Nf3 0-0 10. 0-0 Nbd7 11. Qc2 Nb6 12. Rd1 Qc7 13. Ng5 Rfb8 14. e4 h6 15. Nf3 Nbd7 16. h3 c4 17. Be3 Nc5 18. e5 dxe5 19. Nxe5 Qxe5 20. Bxc5 Nd7 21. Bd4 Qd6 22. Ne4 Qb4 23. Bxg7 Kxg7 24. Rab1 Bb7 25. b3 cxb3 26. Rxb3 Qa5 27. Qb2+ Nf6 28. Nxf6 exf6 29. Rxb7 Rxb7 30. Qxb7 Qxa2 31. d6 Qe2 32. Rf1 1-0

[Event "Ruhrgebiet Verbandsliga Gruppe 2 1415"]
[Site "Germany"]
[Date "2015.04.26"]
[Round "9.5"]
[White "Wilbert, Siegfried"]
[Black "Fistoul, Michail"]
[Result "1-0"]
[WhiteElo "1939"]
[BlackElo "2023"]
[PlyCount "151"]
[EventDate "2014.09.21"]
[EventType "team-tourn"]
[EventRounds "9"]
[EventCountry "GER"]
[SourceTitle "EXT 2022"]
[Source "ChessBase"]
[SourceDate "2021.10.06"]
[SourceVersion "1"]
[SourceVersionDate "2021.10.06"]
[SourceQuality "1"]
[WhiteTeam "Buer SF"]
[BlackTeam "Bochum SG III"]
[WhiteTeamCountry "GER"]
[BlackTeamCountry "GER"]

1. c4 e6 2. d4 f5 3. Nf3 Nf6 4. Bg5 Be7 5. Nc3 0-0 6. Qc2 b6 7. Bxf6 Bxf6 8. e4 Bb7 9. Bd3 Nc6 10. e5 Nb4 11. Qe2 Be7 12. Bb1 c5 13. a3 cxd4 14. Nxd4 Nc6 15. Nf3 a6 16. Ba2 Kh8 17. h4 Qc7 18. 0-0-0 Na5 19. Kb1 Rac8 20. Nd2 Bc6 21. f4 b5 22. cxb5 axb5 23. Rc1 Qb6 24. Rh2 b4 25. axb4 Qxb4 26. g3 Rb8 27. Rc2 Rfc8 28. Nc4 Nxc4 29. Bxc4 Qa5 30. Rc1 Bb4 31. Na2 Ba3 32. Qe1 Be4+ 33. Ka1 Bb4 34. Qe3 Ra8 35. Qb3 Rcb8 36. Qd1 Ra7 37. Qb3 Rab7 38. Qe3 Ra8 39. Re2 Rba7 40. Qb3 Bd5 41. Kb1 Bxc4 42. Rxc4 Qxa2+ 43. Qxa2 Rxa2 44. Rxb4 R2a4 45. Rb7 R4a7 46. Rxa7 Rxa7 47. b4 Kg8 48. Kb2 Kf7 49. Kb3 Ke7 50. b5 d5 51. exd6+ Kxd6 52. Kb4 Ra1 53. Rc2 Rb1+ 54. Ka4 Ra1+ 55. Kb4 Rb1+ 56. Ka5 Ra1+ 57. Kb6 Ra3 58. Rd2+ Ke7 59. Rg2 h5 60. Kb7 g6 61. b6 Kd7 62. Rd2+ Ke7 63. Rg2 Kd7 64. Kb8 Rb3 65. b7 Ra3 66. Rd2+ Ke7 67. Rg2 Kd7 68. Rg1 Kd8 69. Rd1+ Ke7 70. Rc1 Kd7 71. Rc7+ Kd8 72. Rg7 Rxg3 73. Ka7 Ra3+ 74. Kb6 Rb3+ 75. Kc6 Rc3+ 76. Kd6 1-0

[Event "Gelsenkirchen Silvester op 2nd"]
[Site "Gelsenkirchen"]
[Date "2014.12.29"]
[Round "5"]
[White "Sicars, Thorsten"]
[Black "Fistoul, Michail"]
[Result "1-0"]
[WhiteElo "2092"]
[BlackElo "2064"]
[PlyCount "123"]
[EventDate "2014.12.27"]
[EventType "swiss"]
[EventRounds "5"]
[EventCountry "GER"]
[SourceTitle "EXT 2019"]
[Source "ChessBase"]
[SourceDate "2018.10.10"]
[SourceVersion "1"]
[SourceVersionDate "2018.10.10"]
[SourceQuality "1"]

1. d4 e6 2. Bf4 f5 3. e3 Nf6 4. Nf3 b6 5. Nbd2 Bb7 6. Bd3 Be7 7. h3 Nd5 8. c3 Nxf4 9. exf4 0-0 10. 0-0 Bf6 11. Re1 Kh8 12. Bf1 Nc6 13. g3 Ne7 14. Bg2 Qe8 15. Ne5 Bxg2 16. Kxg2 Ng6 17. Nd3 Qf7 18. Qa4 d6 19. Nf3 Rfe8 20. Qc6 a5 21. a4 Rac8 22. Re2 Ne7 23. Qd7 Kg8 24. Qxe6 Qxe6 25. Rxe6 Nd5 26. Rae1 Rxe6 27. Rxe6 Kf7 28. Re1 Re8 29. Rxe8 Kxe8 30. g4 c5 31. Kg3 g6 32. g5 Bg7 33. h4 Nc7 34. dxc5 dxc5 35. Nd2 Kd7 36. Nc4 Nd5 37. h5 Ke6 38. hxg6 hxg6 39. Nde5 Bxe5 40. Nxe5 Ne7 41. f3 Kd5 42. b3 Ke6 43. Kf2 Kd6 44. Ke1 Ke6 45. Kd2 Kd6 46. Kd3 Kd5 47. Nc4 Kc6 48. Ne5+ Kd5 49. Kc2 Kd6 50. Kb2 Kd5 51. Ka3 Kd6 52. b4 cxb4+ 53. cxb4 axb4+ 54. Kxb4 Nd5+ 55. Kb5 Nxf4 56. Nc4+ Kc7 57. Nxb6 Ne6 58. Nd5+ Kb7 59. f4 Nd4+ 60. Kc5 Ne2 61. Kd6 Kb8 62. Ke5 1-0

[Event "Gelsenkirchen Silvester op 2nd"]
[Site "Gelsenkirchen"]
[Date "2014.12.27"]
[Round "2"]
[White "Fistoul, Michail"]
[Black "Rohfleisch, Daniel"]
[Result "1-0"]
[WhiteElo "2064"]
[BlackElo "1582"]
[PlyCount "39"]
[EventDate "2014.12.27"]
[EventType "swiss"]
[EventRounds "5"]
[EventCountry "GER"]
[SourceTitle "EXT 2019"]
[Source "ChessBase"]
[SourceDate "2018.10.10"]
[SourceVersion "1"]
[SourceVersionDate "2018.10.10"]
[SourceQuality "1"]

1. d4 Nf6 2. c4 e6 3. Nc3 b6 4. e4 Bb4 5. f3 Bxc3+ 6. bxc3 d6 7. Bg5 Nbd7 8. Bd3 Bb7 9. Ne2 0-0 10. 0-0 c6 11. Ng3 e5 12. Nf5 Qc7 13. f4 exd4 14. cxd4 d5 15. cxd5 cxd5 16. Rc1 Qb8 17. e5 Ne4 18. Bxe4 dxe4 19. Qg4 f6 20. Bxf6 1-0

[Event "Ruhrgebiet Verbandsliga2 1213"]
[Site "Nordrheinwestfalen"]
[Date "2012.10.28"]
[Round "3.8"]
[White "Fistoul, Michail"]
[Black "Jochmann, Christian"]
[Result "1-0"]
[WhiteElo "1987"]
[BlackElo "1804"]
[PlyCount "43"]
[EventDate "2012.09.02"]
[EventType "team-tourn"]
[EventRounds "9"]
[EventCountry "GER"]
[SourceTitle "EXT 2020"]
[Source "ChessBase"]
[SourceDate "2019.10.17"]
[SourceVersion "1"]
[SourceVersionDate "2019.10.17"]
[SourceQuality "1"]
[WhiteTeam "Bochum SG III"]
[BlackTeam "Doppelbauer Brambauer"]
[WhiteTeamCountry "GER"]
[BlackTeamCountry "GER"]

1. d4 Nf6 2. c4 g6 3. f3 Bg7 4. e4 d6 5. Be3 0-0 6. Nc3 e5 7. Nge2 Nc6 8. d5 Ne7 9. Qd2 a6 10. g4 Rb8 11. Ng3 c6 12. h4 b5 13. h5 bxc4 14. hxg6 fxg6 15. dxc6 Be6 16. Qh2 Nxc6 17. 0-0-0 Rb7 18. g5 Ne8 19. Nf5 gxf5 20. Qxh7+ Kf7 21. exf5 Na5 22. Qg6+ 1-0

[Event "Dortmund Sparkassen op-A"]
[Site "Dortmund"]
[Date "2012.07.22"]
[Round "9"]
[White "Hobusch, Jan"]
[Black "Fistoul, Michail"]
[Result "1/2-1/2"]
[WhiteElo "2027"]
[BlackElo "2087"]
[PlyCount "55"]
[EventDate "2012.07.14"]
[EventType "swiss"]
[EventRounds "9"]
[EventCountry "GER"]
[SourceTitle "CBM 149 Extra"]
[Source "ChessBase"]
[SourceDate "2012.08.24"]
[SourceVersion "1"]
[SourceVersionDate "2012.08.24"]
[SourceQuality "1"]

1. e4 e6 2. Nf3 b6 3. d4 Bb7 4. Bd3 c5 5. c3 Nf6 6. Nbd2 cxd4 7. cxd4 Ba6 8. Bxa6 Nxa6 9. 0-0 Be7 10. Qe2 Nc7 11. Ne5 0-0 12. Ndf3 Nfe8 13. Bd2 f6 14. Nd3 Nd6 15. Bb4 a5 16. Bxd6 Bxd6 17. Rac1 Rc8 18. Rc2 Na6 19. Rfc1 Rxc2 20. Qxc2 Qa8 21. Qc4 Qb7 22. e5 Be7 23. exf6 gxf6 24. Nf4 b5 25. Qe2 Rc8 26. Rxc8+ Qxc8 27. g3 Nc7 28. Nd2 1/2-1/2

[Event "Dortmund Sparkassen op-A"]
[Site "Dortmund"]
[Date "2012.07.18"]
[Round "5"]
[White "Schmitz, Philipp"]
[Black "Fistoul, Michail"]
[Result "1-0"]
[WhiteElo "2053"]
[BlackElo "2087"]
[PlyCount "91"]
[EventDate "2012.07.14"]
[EventType "swiss"]
[EventRounds "9"]
[EventCountry "GER"]
[SourceTitle "CBM 149 Extra"]
[Source "ChessBase"]
[SourceDate "2012.08.24"]
[SourceVersion "1"]
[SourceVersionDate "2012.08.24"]
[SourceQuality "1"]

1. e4 e6 2. d4 b6 3. Nc3 Bb7 4. Bd3 Nf6 5. Nge2 c5 6. 0-0 cxd4 7. Nxd4 Nc6 8. Nxc6 dxc6 9. e5 Nd5 10. Qe1 Qd7 11. a3 0-0-0 12. Bg5 Re8 13. Ne4 h6 14. Be3 f5 15. exf6 gxf6 16. c4 f5 17. cxd5 fxe4 18. dxc6 Bxc6 19. Ba6+ Kb8 20. Rc1 Bd6 21. Qe2 Reg8 22. Rfd1 Bd5 23. Qh5 Qg7 24. Bf1 Qe5 25. Qxe5 Bxe5 26. Bd4 Bxd4 27. Rxd4 Rc8 28. Rdd1 Bb3 29. Re1 Bd5 30. Ba6 Rxc1 31. Rxc1 Rg8 32. Kf1 h5 33. Rc3 h4 34. g3 h3 35. Ke2 Rf8 36. Ke3 Rg8 37. Kf4 Ba8 38. Ke5 Bd5 39. b4 Rf8 40. g4 Rh8 41. g5 Rg8 42. g6 Bb7 43. Bxb7 Kxb7 44. Rg3 Kc6 45. Kxe6 e3 46. fxe3 1-0

[Event "Dortmund Sparkassen op-A"]
[Site "Dortmund"]
[Date "2012.07.17"]
[Round "4"]
[White "Fistoul, Michail"]
[Black "Zolfagharian, Kevin"]
[Result "1-0"]
[WhiteElo "2087"]
[BlackElo "1948"]
[PlyCount "57"]
[EventDate "2012.07.14"]
[EventType "swiss"]
[EventRounds "9"]
[EventCountry "GER"]
[SourceTitle "CBM 149 Extra"]
[Source "ChessBase"]
[SourceDate "2012.08.24"]
[SourceVersion "1"]
[SourceVersionDate "2012.08.24"]
[SourceQuality "1"]

1. d4 d5 2. c4 Bf5 3. Nc3 e6 4. cxd5 exd5 5. Qb3 Nc6 6. Qa4 Qd7 7. Bf4 Nb4 8. Qxd7+ Kxd7 9. 0-0-0 Nf6 10. f3 c6 11. g4 Be6 12. a3 Na6 13. h3 Nc7 14. e4 dxe4 15. fxe4 Bb3 16. Rd2 Ne6 17. Be3 Bd6 18. Nf3 Bc7 19. d5 cxd5 20. e5 Ng8 21. Bb5+ Ke7 22. Nxd5+ Bxd5 23. Rxd5 a6 24. Rd7+ Kf8 25. Bc4 Bd8 26. Bxe6 Rc8+ 27. Kb1 fxe6 28. Rxb7 Ne7 29. Nd4 1-0